Football: Tous les matchs de Saint-Marin - Statistiques

Statistiques générales
  • Ce quiz a été pris 174 fois
    77 depuis la dernière actualisation
  • Le résultat moyen est 41 sur 53
Statistiques - réponses
Réponse % Correct
Angleterre
96%
Espagne
93%
Finlande
93%
Italie
93%
Norvège
93%
Russie
93%
Allemagne
91%
Irlande
91%
Suède
91%
Liechtenstein
90%
Lettonie
88%
Pologne
88%
Ukraine
88%
Belgique
87%
Danemark
87%
Estonie
87%
Pays-Bas
87%
Slovénie
87%
Suisse
87%
Lituanie
86%
Slovaquie
86%
Andorre
84%
Croatie
84%
Ecosse
84%
Grèce
84%
Islande
84%
Biélorussie
83%
Hongrie
83%
Luxembourg
83%
Albanie
81%
Roumanie
81%
Bulgarie
80%
Irlande du Nord
80%
Serbie-et-Monténégro
80%
Autriche
78%
Chypre
78%
Malte
78%
Pays de Galles
78%
République Tchèque
78%
Monténégro
77%
Turquie
75%
Bosnie-Herzégovine
74%
Moldavie
74%
Kosovo
71%
Gibraltar
70%
Israël
68%
Kazakhstan
54%
Iles Féroé
52%
Azerbaïdjan
51%
Saint-Christophe-et-Niévès
26%
Sainte-Lucie
26%
Cap-Vert
16%
Seychelles
16%
Aucun quiz correspondant
Distribution des résultats
% des personnes avec chaque résultat
Percentile par nombre de réponses
Votre historique - résultats
Vous n’avez pas pris ce quiz depuis la dernière actualisation